| 000 | 00607nam a2200217 4500 | ||
|---|---|---|---|
| 003 | OSt | ||
| 005 | 20160108115058.0 | ||
| 008 | 040116s2003 sp | ||| ||spa | ||
| 020 | _a84-233-3575-5 | ||
| 040 | _cBMC | ||
| 082 | _a863 | ||
| 100 | 1 |
_aSampedro, José Luis _d1917-2013 _913706 |
|
| 245 | 1 | 4 |
_aLos mongoles en Bagdad _cJosé Luis Sampedro ; ilustraciones de Sequeiros |
| 250 | _a1ª ed | ||
| 260 |
_aBarcelona _bDestino _c2003 |
||
| 300 |
_a129 p. _bil. _c25 cm |
||
| 490 |
_a[Imago mundi _v41] |
||
| 650 | 2 | 4 |
_aNovela española _929289 |
| 700 | 1 |
_aSequeiros, Santiago _937954 |
|
| 942 |
_2ddc _cBK |
||
| 999 |
_c24274 _d24274 |
||